Eastern Utah Libraries Catalog: Duchesne, Heber, Roosevelt, & Vernal

'Til stress do us part : (Record no. 400752)

MARC details
000 -LEADER
fixed length control field 01792nam a22003858i 4500
001 - CONTROL NUMBER
control field zcodcb b8460826
003 - CONTROL NUMBER IDENTIFIER
control field DLC
005 - DATE AND TIME OF LATEST TRANSACTION
control field 20241001154828.0
008 - FIXED-LENGTH DATA ELEMENTS--GENERAL INFORMATION
fixed length control field 240422s2024 cou b 000 0 eng
010 ## - LIBRARY OF CONGRESS CONTROL NUMBER
LC control number 2023056223
020 ## - INTERNATIONAL STANDARD BOOK NUMBER
International Standard Book Number 9781649632579
020 ## - INTERNATIONAL STANDARD BOOK NUMBER
International Standard Book Number 1649632576
037 ## - SOURCE OF ACQUISITION
Source of stock number/acquisition Sounds True, C/O Mps 175 Fifth Ave, New York, NY, USA, 10010
Note SAN 631-5011
040 ## - CATALOGING SOURCE
Original cataloging agency DLC
Language of cataloging eng
Description conventions rda
Transcribing agency DLC
092 ## - LOCALLY ASSIGNED DEWEY CALL NUMBER (OCLC)
Classification number General NonFiction
Item number 158.2 Earnshaw
100 1# - MAIN ENTRY--PERSONAL NAME
Personal name Earnshaw, Elizabeth Y.,
Relator term author.
9 (RLIN) 6494281
245 10 - TITLE STATEMENT
Title 'Til stress do us part :
Remainder of title how to heal the #1 issue in our relationships /
Statement of responsibility, etc Elizabeth Earnshaw, LMFT.
260 ## - PUBLICATION, DISTRIBUTION, ETC. (IMPRINT)
Date of publication, distribution, etc 2024/09/10.
263 ## - PROJECTED PUBLICATION DATE
Projected publication date 2409.
264 #1 - Production, Publication, Distribution, Manufacture, and Copyright Notice.
Place of production, publication, distribution, manufacture Boulder, CO :
Name of producer, publisher, distributor, manufacturer Sounds True,
Date of production, publication, distribution, manufacture, or copyr 2024.
300 ## - PHYSICAL DESCRIPTION
Extent pages cm.
336 ## - Content Type
Content type term text
337 ## - Media type
Media type term unmediated
338 ## - Carrier type
Carrier type term volume
504 ## - BIBLIOGRAPHY, ETC. NOTE
Bibliography, etc Includes bibliographical references.
520 ## - SUMMARY, ETC.
Summary, etc "'Til Stress Do Us Part makes the case that stress is actually the #1 issue plaguing relationships today. And the good news is that we can do something about it. In this book, Liz delves into the palpable impact of stress on relationships and explains that no matter how many relationship skills you have, you won't be able to utilize them in a way that protects your relationship until you learn to treat and better cope with underlying stressors"--
650 #0 - SUBJECT ADDED ENTRY--TOPICAL TERM
Topical term or geographic name as entry element Couples
General subdivision Psychology.
9 (RLIN) 100257
650 #0 - SUBJECT ADDED ENTRY--TOPICAL TERM
Topical term or geographic name as entry element Interpersonal relations
General subdivision Psychological aspects.
9 (RLIN) 6439591
650 #0 - SUBJECT ADDED ENTRY--TOPICAL TERM
Topical term or geographic name as entry element Intimacy (Psychology)
650 #0 - SUBJECT ADDED ENTRY--TOPICAL TERM
Topical term or geographic name as entry element Stress (Psychology)
776 08 - ADDITIONAL PHYSICAL FORM ENTRY
Display text Online version:
776 08 - ADDITIONAL PHYSICAL FORM ENTRY
Main entry heading Earnshaw, Elizabeth.
Title 'Til stress do us part
Place, publisher, and date of publication Boulder, CO : Sounds True, 2024
International Standard Book Number 9781649632586
Record control number (DLC) 2023056224.
907 ## - LOCAL DATA ELEMENT G, LDG (RLIN)
a .b492156153
942 ## - ADDED ENTRY ELEMENTS (KOHA)
Source of classification or shelving scheme Dewey Decimal Classification
Koha item type BOOK
Holdings
Withdrawn status Lost status Source of classification or shelving scheme Damaged status Not for loan Collection code Home library Current library Shelving location Date acquired Source of acquisition Total Checkouts Total Renewals Full call number Barcode Date last seen Date checked out Cost, replacement price Price effective from Koha item type
    Dewey Decimal Classification     General NonFiction Wasatch County Library Wasatch County Library Second Floor 10/01/2024 Micromarketing 1 2 158.2 Earnshaw 34301002087379 02/19/2026 10/17/2024 27.99 10/01/2024 BOOK
This project was made possible through a grant from the Institute of Museum and Library Service administered by the Utah State Library Division.

Wasatch County Library

  • 465 East 1200 South, Heber City, Utah 84032
  • Phone 435-654-1511 | Fax 435-654-6456

Hours

  • Monday - Friday 9:30 AM - 8:00 PM
  • Saturday 9:30 AM - 1:30 PM
  • Closed Sundays and Holidays